Záhada na zámku Styles : první případ Hercula Poirota /

Hlavní autor: Christie, Agatha, 1890-1976
Další autoři: Matějka, Jaroslav, Kadlec, Pavel, Meduna, Jaromír, 1953-
Jazyk: Čeština
Vydáno: [Praha] : Tympanum :Kristián entertainment, 2016
Témata:
Fyzický popis: 1 CD audio ; 12 cm
Zvukové nahrávky
Uloženo v:
LEADER 01975nim a2200517 i 4500
001 001630093
003 CZ BrMZK
005 20180813084013.0
007 sd fungnnmmned
008 180522t20162016xr nnnne f n cze
024 3 |a 8594072272882 
040 |a BOA001  |b cze  |e rda 
041 1 |d cze  |h eng 
072 7 |a 821.111-3  |x Anglická próza, anglicky psaná  |2 Konspekt  |9 25 
080 |a 821.111-31  |2 MRF 
080 |a (0:82-312.4)  |2 MRF 
080 |a (086.7)08  |2 MRF 
080 |a (086.76)  |2 MRF 
100 1 |a Christie, Agatha,  |d 1890-1976  |7 jn19981000482  |4 aut 
240 1 0 |a Mysterious affair at Styles.  |l Česky  |7 aun2010603080 
245 1 0 |a Záhada na zámku Styles :  |b první případ Hercula Poirota /  |c Agatha Christie ; z anglického originálu The mysterious affair at Styles přeložil Jaroslav Matějka 
264 1 |a [Praha] :  |b Tympanum :  |b Kristián entertainment,  |c 2016 
264 4 |c ℗2016 
300 |a 1 CD audio ;  |c 12 cm 
306 |a 081100 
336 |a mluvené slovo  |b spw  |2 rdacontent 
337 |a audio  |b s  |2 rdamedia 
338 |a audiodisk  |b sd  |2 rdacarrier 
344 |a digital  |b optical  |2 rda 
347 |a audio soubor  |b MP3  |2 rda 
500 |a Název z disku 
500 |a Podle stejnojmenné knihy vydané nakladatelstvím Euromedia Group, k.s. - Knižní klub v roce 2015 
500 |a Nezkrácená verze na 1 mp3 CD 
508 |a Režie Pavel Kadlec 
511 0 |a Čte Jaromír Meduna 
655 7 |a anglické romány  |7 fd131814  |2 czenas 
655 7 |a detektivní romány  |7 fd132010  |2 czenas 
655 7 |a audioknihy  |7 fd119452  |2 czenas 
655 7 |a kompaktní disky  |7 fd201991  |2 czenas 
700 1 |a Matějka, Jaroslav  |7 pna2008424867  |4 trl 
700 1 |a Kadlec, Pavel  |7 pna2014801504  |4 drt 
700 1 |a Meduna, Jaromír,  |d 1953-  |7 jx20031124122  |4 nrt 
910 |a BOA001  |b CDR-1409.462 
990 |a AV 
991 |b 201808  |c NOV 
996 6 |b 2610744667  |c CDR-1409.462  |l MZK  |r Sklad / do 24 hodin  |n 0  |p p.v.  |w 001666224  |u 000010  |a 1  |e BOA001  |j MZK50  |s P